000 00721nam a2200253Ia 4500
003 OSt
005 20220928121407.0
006 a|||||r|||| 00| 0
007 ta
008 220927b |||||||| |||| 00| 0 eng d
020 _c2239.3000000000002
024 _a125420
037 _b204, 17/12/2014, Classic Book Service
_cTextual
040 _aSDCL
_cSDCL
_beng
041 _2eng
_aeng
082 _aR4, Q3
100 _aAudi Robert
_9451880
245 0 _aMoral perception
260 _aPrinceton
_bPrinceton University Press
_c2013
300 _axii;180p.
_ccm.
650 _aPhilosophy
942 _hR4, Q3
_cTEXL
_2CC
999 _c765884
_d765884